000 00677cam a22002533a 4500
001 32718
003 PGUSA
005 20140828083716.0
008 100606s2010||||xxu|||||s|||||000 1 eng d
040 _aPGUSA
_beng
042 _adc
050 4 _aPS
100 1 _aCurtis, Betsy,
_d1917-2002
245 1 4 _aThe Trap
_h[electronic resource] /
_cBetsy Curtis
260 _bProject Gutenberg,
_c2010
506 _aPublic domain in the USA.
516 _aElectronic text
653 _aScience fiction
653 _aRejuvenation -- Fiction
653 _aShort stories
830 0 _aProject Gutenberg
_v32718
856 4 0 _uhttp://www.gutenberg.org/ebooks/32718
942 _cEB
999 _c261973
_d261973